000 00412nam a2200181Ia 4500
008 230524s9999 xx 000 0 und d
020 _a8120323688
082 _bDEI
100 _aH.M.Deitel
245 0 _aC How to program
250 _a3RD
260 _aNEW DELHI
_bPrintice Hall
_c2003
300 _aLI;1253
500 _aQuantity Number: 5
650 _aComp-Sc
700 _a P.J. Deitel
942 _cBK
999 _c4820
_d4820